Vojenská didaktika ako súčasť všeobecnej didaktiky

Problematika vzťahu všeobecnej a vojenskej didaktiky. Predmet a osobitosti vojenskej didaktiky. Zákony a zákonitosti vo vojenskej didaktike.

Gespeichert in:
Bibliographische Detailangaben
1. Verfasser: Hamaj, Pavol
Format: Buchkapitel
Sprache:Slowakisch
Schlagworte:
Tags: Tag hinzufügen
Keine Tags, Fügen Sie das erste Tag hinzu!

MARC

LEADER 00000naa$a2200000$$$4500
001 0045074
005 20231010123959.2
041 0 |a slo 
044 |a SK 
245 1 0 |a Vojenská didaktika ako súčasť všeobecnej didaktiky  |c Pavol Hamaj 
520 |a Problematika vzťahu všeobecnej a vojenskej didaktiky. Predmet a osobitosti vojenskej didaktiky. Zákony a zákonitosti vo vojenskej didaktike. 
610 2 0 |a didaktika 
610 2 0 |a vojenstvo 
610 2 0 |a vzdelávanie 
610 2 0 |a výučba vedecká 
100 1 |a Hamaj, Pavol